| 000 | 00745cam a2200229 a 4500 | ||
|---|---|---|---|
| 001 | 4945020 | ||
| 005 | 20180126082648.0 | ||
| 008 | 960626s1996 nyuab b 001 0 eng | ||
| 010 | _a 96031492 | ||
| 020 | _a0684811642 | ||
| 040 |
_aDLC _cDLC _dDLC |
||
| 041 | _aeng | ||
| 080 | _a909.829 HUN | ||
| 082 | 0 | 0 |
_a909.829 HUN _220 |
| 100 | 1 | _a19 | |
| 101 | _aPOL | ||
| 245 | 1 | 4 |
_aThe clash of civilizations and the remaking of world order / _cSamuel P. Huntington. |
| 504 | _aIncludes bibliographical references and index. | ||
| 906 |
_a7 _bcbc _corignew _d1 _eocip _f19 _gy-gencatlg |
||
| 942 |
_2ddc _cBK |
||
| 999 |
_c41019 _d41019 |
||